000 00582nam a22002057a 4500
005 20251108173326.0
008 250721s1998 xx 000 0 ara d
020 _a9772764067
082 1 4 _aط/ 582.14
100 1 _aمتولي، سمير
245 1 0 _aجمال و أريج /
264 1 _aالقاهرة :
_bالمكتب العربي للمعارف،
_c1998.
300 _a14ص.
490 0 _aهوايات و معارف
650 1 7 _aالزهور
650 1 7 _aالهوايات
653 _aناشئون صغار (10-14 سنة)
942 _2ddc
_cBK
999 _c101305
_d101305